000
00333nam a2200145Ia 4500
005
20251222151304.0
008
251222s9999||||xx |||||||||||||| ||spa||
020
_a
9788420010281
082
_a
641.48 M22
100
_a
Man, Dominic
245
0
_a
Caucidad de los alimentos
250
_a
1ra.ed.
264
_b
Acribia
942
_c
LIB
999
_c
23112
_d
23112